| 000 | 00808nam a2200265Ia 4500 | ||
|---|---|---|---|
| 003 | OSt | ||
| 005 | 20220924113123.0 | ||
| 006 | a|||||r|||| 00| 0 | ||
| 007 | ta | ||
| 008 | 220923b |||||||| |||| 00| 0 eng d | ||
| 024 | _a60479 | ||
| 037 | _cDictionary | ||
| 040 |
_aARTS _cARTS _beng |
||
| 041 |
_2eng _aeng |
||
| 082 | _aP1511:4k, 111J9;L5 (Q4) | ||
| 100 |
_aDavids T W Rhys ed _9169510 |
||
| 245 | 0 | _aPali-English dictionary | |
| 260 |
_aNew _bDelhi Oriental Books _c1975 |
||
| 300 |
_axv,738p. _ccm. |
||
| 500 | _aOriginally published in 1921-25 by Pali Text Society , London | ||
| 650 | _aLINGUISTICS | ||
| 700 |
_a Stede William ed _9169511 |
||
| 942 |
_hP1511:4k, 111J9;L5 (Q4) _cdic _2cc |
||
| 999 |
_c389288 _d389288 |
||